000 01181cam a22003011i 4500
003 SA-RiAUC
005 20251230070907.0
008 251225s2002 su g 00000 ara c
020 _a9960415260
040 _aSA-RiAUC
_bara
_cSA-RiAUC
_erda
041 1 _aara
_aeng
082 0 4 _a252.4
_qSA-RiAUC
090 _a252.4
_bن ف ي
100 1 _aالنفيسة، عبد الرحمن حسن،
_d1361 هجري-
_eمؤلف.
245 1 0 _aرسالة في فقه الزكاة /
_cعبد الرحمن حسن عبد الرحمن النفيسة.
264 1 _aالرياض :
_bمجلة البحوث الفقهية المعاصرة،
_c[2002]
300 _a81، 92 صفحة ؛
_c24 سم.
336 _aنص
_btxt
_2rdacontent
_3كتاب
337 _aبدون وسيط
_bn
_2rdamedia
338 _aمجلد
_bnc
_2rdacarrier
490 0 _aمجلة البحوث الفقهية المعاصرة ؛
_v6
546 _aالنص باللغتين العربية والإنجليزية.
650 7 _aالزكاة (فقه إسلامي)
_2aucsh
650 7 _aالزكاة
_2aucsh
942 _2ddc
_cBOOK
_n0
949 _aSA-JeALM
_d251225
_umohamedma123
_n1
999 _c13812
_d13812